Southville International School and Colleges
Your cart is empty.
  • Cart
  • Lists
    Public lists Eva Luna New books Lux_list list_1
    Your lists Log in to create your own lists
  • Log in to your account
  • Your cookies
  • Search history
Southville International School and Colleges
  • Advanced search
  • Recent comments
  • Most popular
  • Libraries

Log in to your account

Log in with GOOGLE


If you do not have an external account, but do have a local account, you can still log in:

  1. Home
  2. MARC view: Gilles Tibo :
Normal view MARC view ISBD view

Gilles Tibo : (Record no. 12229)

[ view plain ]
MARC details
000 -LEADER
fixed length control field 00622nam a22002177a 4500
003 - CONTROL NUMBER IDENTIFIER
control field OSt
005 - DATE AND TIME OF LATEST TRANSACTION
control field 20140310182346.0
008 - FIXED-LENGTH DATA ELEMENTS--GENERAL INFORMATION
fixed length control field 130316t xxu||||| |||| 00| 0 eng d
020 ## - INTERNATIONAL STANDARD BOOK NUMBER
International Standard Book Number 978155037363677
050 ## - LIBRARY OF CONGRESS CALL NUMBER
Classification number PZ 23.
Item number .F5Pi 1994
082 ## - DEWEY DECIMAL CLASSIFICATION NUMBER
Classification number GS 823
Item number T43p 1994
100 ## - MAIN ENTRY--PERSONAL NAME
Personal name Filion, Pierre
9 (RLIN) 21945
245 ## - TITLE STATEMENT
Title Gilles Tibo :
Statement of responsibility, etc Pikolo's night voyage /
Remainder of title Pierre Filion.
260 ## - PUBLICATION, DISTRIBUTION, ETC. (IMPRINT)
Place of publication, distribution, etc Buffalo, NY :
Name of publisher, distributor, etc Annick Press,
Date of publication, distribution, etc c1994.
300 ## - PHYSICAL DESCRIPTION
Dimensions 27 cm.
Extent 28 p. :
Other physical details col. ill, ;
541 ## - IMMEDIATE SOURCE OF ACQUISITION NOTE
-- 1
562 ## - COPY AND VERSION IDENTIFICATION NOTE
Number of copies 1
650 ## - SUBJECT ADDED ENTRY--TOPICAL TERM
Topical term or geographic name as entry element Adventure
General subdivision Fiction.
9 (RLIN) 21946
650 ## - SUBJECT ADDED ENTRY--TOPICAL TERM
Topical term or geographic name as entry element Children's stories
9 (RLIN) 3210
942 ## - ADDED ENTRY ELEMENTS (KOHA)
Source of classification or shelving scheme Library of Congress Classification
Koha item type
Holdings
Withdrawn status Lost status Source of classification or shelving scheme Damaged status Home library Current library Shelving location Date acquired Total Checkouts Full call number Barcode Date last seen Copy number Price effective from Koha item type
    Library of Congress Classification   Luxembourg Library Luxembourg Library Grade School Section 09/27/2013   PZ 23. .F5Pi 1994 6756 02/09/2015 1 09/27/2013 Books

Gilles Tibo :

APA

Filion P., . (1994). Gilles Tibo. Buffalo, NY: Annick Press.

Chicago

Filion Pierre, . 1994. Gilles Tibo. Buffalo, NY: Annick Press.

Harvard

Filion P., . (1994). Gilles Tibo. Buffalo, NY: Annick Press.

MLA

Filion Pierre, . Gilles Tibo. Buffalo, NY: Annick Press. 1994.

  • Place hold
  • Print
  • Cite
  • Add to your cart (remove)
  • Save record
    BIBTEX Dublin Core MARCXML MARC (non-Unicode/MARC-8) MARC (Unicode/UTF-8) MARC (Unicode/UTF-8, Standard) MODS (XML) RIS
  • More searches
    Search for this title in:
    Other Libraries (WorldCat) Other Databases (Google Scholar) Online Stores (Bookfinder.com) Open Library (openlibrary.org)

Exporting to Dublin Core...

SOUTHVILLE LIBRARY

Southville International School and Colleges Library

1281 Tropical Ave. Cor. Luxembourg St., BF Homes International, Las Pinas City

Tel. No. 8256374 / 252358 Loc. 117/146

Powered by Koha